Management of plantations (Record no. 49820)

MARC details
000 -LEADER
fixed length control field 00349nam a2200121Ia 4500
100 ## - MAIN ENTRY--AUTHOR NAME
Personal name Haridasan V.
245 #0 - TITLE STATEMENT
Title Management of plantations
260 ## - PUBLICATION, DISTRIBUTION, ETC. (IMPRINT)
Name of publisher Sreedevi, Changanacherry, Kerala, India, 240 p.
Year of publication 1992
650 ## - SUBJECT ADDED ENTRY--TOPICAL TERM
Topical Term Plantation management
650 ## - SUBJECT ADDED ENTRY--TOPICAL TERM
Topical Term Rubber plantation industry
942 ## - ADDED ENTRY ELEMENTS (KOHA)
Koha item type Bibliography STAF
Holdings
Withdrawn status Lost status Damaged status Not for loan Home library Current library Shelving location Date acquired Koha item type
      Bibliography RRII Library RRII Library Economics 09/04/2014 Bibliography STAF